00278nam a22000977a 4500008004100000082001800041100002000059245007700079260001600156300000800172230620b xxu||||| |||| 00| 0 eng d a320bYES 1990 cEdward M. Yesse aA Comparative Analysis of the Parliamentary Democracy in Kenya and India aIndiac1990 a52p